[Event "ICS rated blitz match"]
[Site "204.178.125.65"]
[Date "2000.08.27"]
[Round "?"]
[White "Hossa"]
[Black "Amateur"]
[Result "0-1"]
[WhiteElo "2459"]
[BlackElo "2622"]
[PlyCount "124"]
[EventDate "2000.??.??"]

1. e4 e6 2. d4 d5 3. Nd2 c5 4. Ngf3 Nf6 5. exd5 exd5 6. Bb5+ Bd7 7. Bxd7+ Nbxd7
8. O-O Be7 9. dxc5 Nxc5 10. Re1 O-O 11. Nf1 Nce4 12. Be3 a6 13. Bd4 Re8 14. Ne3
Bc5 15. Qd3 Rc8 16. c3 Nh5 17. Bxc5 Nf4 18. Qd4 Rxc5 19. Nf5 Ne6 20. Qa4 Rb5
21. Qc2 Nf4 22. Rab1 Rb6 23. Rbd1 Rbe6 24. Ne3 Rg6 25. Kh1 Ng5 26. Nxg5 Qxg5
27. Qd2 Re5 28. Rf1 a5 29. c4 Rh6 30. g3 d4 31. Ng2 Qh5 32. Nh4 Ne2 33. f4 Re4
34. f5 b6 35. Qd3 Qg4 36. f6 g6 37. Qf3 Qe6 38. Rf2 Rh5 39. b3 Rhe5 40. Qg2 Nc3
41. Rdf1 Qd6 42. Nf3 Rf5 43. Ng1 Rxf2 44. Rxf2 Re8 45. Rf1 d3 46. Qd2 Ne4 47.
Qh6 Nxf6 48. Nf3 Re2 49. Qh3 d2 50. Nxd2 Rxd2 51. Qc8+ Kg7 52. Qb7 Rxa2 53. Qf3
a4 54. bxa4 Qd4 55. a5 bxa5 56. Rd1 Qb2 57. Kg1 Qxh2+ 58. Kf1 Ne4 59. Qxf7+
Kxf7 60. Rd7+ Ke6 61. Re7+ Kxe7 62. Ke1 Ra1# 0-1

[Event "ICS rated standard match"]
[Site "204.178.125.65"]
[Date "2000.08.27"]
[Round "?"]
[White "Amateur"]
[Black "Hossa"]
[Result "1-0"]
[WhiteElo "2407"]
[BlackElo "2257"]
[PlyCount "153"]
[EventDate "2000.??.??"]

1. e4 e6 2. d4 d5 3. Nd2 c5 4. exd5 exd5 5. Ngf3 Nc6 6. Bb5 Bd6 7. dxc5 Qe7+ 8.
Qe2 Bxc5 9. Ne5 a6 10. Nxc6 Qxe2+ 11. Bxe2 bxc6 12. Nb3 Bd6 13. Bg5 Nf6 14.
Bxf6 gxf6 15. O-O Be5 16. c3 O-O 17. Rfe1 Bd6 18. Na5 Rb8 19. b4 Rb6 20. Rad1
Be5 21. Rd3 Bf5 22. Re3 d4 23. cxd4 Bxd4 24. Rg3+ Bg6 25. a3 Re8 26. h4 Kh8 27.
Nb3 Bb2 28. Nc5 Bd4 29. Kf1 h5 30. Rf3 Ra8 31. Rd1 Be5 32. Nd7 Rb7 33. Nxf6 Bb2
34. Rd7 Rxd7 35. Nxd7 a5 36. Nb6 Ra7 37. bxa5 Rxa5 38. Nc4 Rb5 39. a4 Rb4 40.
Nxb2 Rxb2 41. Bc4 Kg7 42. Rc3 Be4 43. f3 Bf5 44. Be2 Ra2 45. Rc5 Bg6 46. a5
Ra1+ 47. Kf2 Ra2 48. Ke3 Ra3+ 49. Kd4 Ra2 50. Bf1 f6 51. a6 Be8 52. Ke3 Ra3+
53. Kd4 Ra2 54. Kc3 Ra3+ 55. Kb2 Ra4 56. Bc4 Kf8 57. Kb3 Ra1 58. Kb2 Ra4 59. g4
hxg4 60. fxg4 Ke7 61. Kb3 Ra1 62. h5 Bd7 63. h6 Bxg4 64. h7 Kd6 65. h8=Q Bd1+
66. Kb2 Ra4 67. Ra5 Rxc4 68. Qxf6+ Kd7 69. Qf7+ Kc8 70. a7 Rb4+ 71. Kc1 Rc4+
72. Kxd1 Rd4+ 73. Kc2 Rc4+ 74. Kd3 Rb4 75. a8=Q+ Rb8 76. Qxc6+ Kd8 77. Qff6# {
Hossa checkmated} 1-0

[Event "ICS rated standard match"]
[Site "204.178.125.65"]
[Date "2000.08.27"]
[Round "?"]
[White "Hossa"]
[Black "PostModernist"]
[Result "0-1"]
[WhiteElo "2248"]
[BlackElo "2391"]
[PlyCount "200"]
[EventDate "2000.??.??"]

1. e4 g6 2. d4 Bg7 3. Nc3 d6 4. f4 Nc6 5. Be3 Nf6 6. Nf3 e6 7. e5 Ng4 8. Bd2
O-O 9. Bd3 f6 10. h3 Nh6 11. h4 Nb4 12. Bc4 fxe5 13. fxe5 dxe5 14. Ne4 Nc6 15.
h5 Nf7 16. hxg6 hxg6 17. Qe2 exd4 18. O-O-O Nfe5 19. Bg5 Qd7 20. Bb3 Nxf3 21.
gxf3 Na5 22. Qg2 Nxb3+ 23. axb3 e5 24. Bh6 Qf5 25. Bxg7 Kxg7 26. Rdg1 Be6 27.
Rh4 Rh8 28. Rg4 Rh6 29. Kb1 Bd5 30. Rg5 Qe6 31. Qg3 Bxe4 32. fxe4 Re8 33. Rf5
a5 34. Qg5 Qe7 35. Qg3 c5 36. Rgf1 Qe6 37. Rg1 b5 38. Qg5 Qe7 39. Qg3 Kh8 40.
Rg5 Qd6 41. Qf3 b4 42. Rf1 Re6 43. Rfg1 Rf6 44. Qg2 Kg7 45. Qe2 Kf8 46. Qb5 Rh2
47. Qb7 d3 48. cxd3 Qxd3+ 49. Ka1 Rf1+ 50. Rxf1+ Qxf1+ 51. Ka2 Rxb2+ 52. Kxb2
Qe2+ 53. Ka1 Qd1+ 54. Kb2 Qd2+ 55. Kb1 Qd3+ 56. Kc1 Qc3+ 57. Kd1 Qxb3+ 58. Kd2
Qc3+ 59. Kd1 Qd3+ 60. Kc1 Qe3+ 61. Kc2 Qxg5 62. Qc8+ Kg7 63. Qxc5 Qg2+ 64. Kb3
Qxe4 65. Qd6 Qf5 66. Ka4 e4 67. Qe7+ Qf7 68. Qe5+ Kf8 69. Qh8+ Ke7 70. Kxa5 b3
71. Qc3 Qd5+ 72. Kb4 b2 73. Qg7+ Kd8 74. Qh8+ Kd7 75. Qg7+ Kc8 76. Qc3+ Kb8 77.
Qh8+ Ka7 78. Qh7+ Qb7+ 79. Kc5 b1=Q 80. Qxb7+ Qxb7 81. Kd4 Qb6+ 82. Kd5 Qc6+
83. Kd4 Qc5+ 84. Kxc5 e3 85. Kd5 e2 86. Ke5 e1=Q+ 87. Kf6 Qf2+ 88. Kxg6 Kb8 89.
Kg7 Qg3+ 90. Kf6 Qf4+ 91. Kg6 Qe5 92. Kh6 Kc8 93. Kh7 Qf6 94. Kg8 Qg5+ 95. Kh8
Qh6+ 96. Kg8 Kd7 97. Kf7 Qg5 98. Kf8 Ke6 99. Ke8 Qh4 100. Kf8 Qh8# {
Hossa checkmated} 0-1

[Event "ICS rated standard match"]
[Site "204.178.125.65"]
[Date "2000.08.27"]
[Round "?"]
[White "Hossa"]
[Black "jjgm"]
[Result "1-0"]
[WhiteElo "2247"]
[BlackElo "1946"]
[PlyCount "65"]
[EventDate "2000.??.??"]

1. d4 Nf6 2. c4 e6 3. Nf3 d5 4. Bg5 c6 5. cxd5 exd5 6. e3 Bf5 7. Bd3 Bxd3 8.
Qxd3 Nbd7 9. O-O Qc7 10. Nc3 Bd6 11. e4 dxe4 12. Nxe4 Be7 13. Nxf6+ Nxf6 14.
Bxf6 Bxf6 15. Rfe1+ Kf8 16. Qe3 Qd7 17. Ne5 Bxe5 18. dxe5 Re8 19. Rad1 Qe7 20.
Qxa7 g6 21. Qd4 Qe6 22. a3 Kg7 23. Qb4 Re7 24. Rd6 Qf5 25. Rxg6+ hxg6 26. Qxe7
Qf4 27. h3 g5 28. e6 g4 29. exf7 Qxf7 30. Qg5+ Kf8 31. Re4 Rg8 32. Qd8+ Kg7 33.
Rxg4+ {jjgm resigns} 1-0

[Event "ICS Rated standard match"]
[Site "204.178.125.65"]
[Date "2000.08.27"]
[Round "?"]
[White "Dorky"]
[Black "Hossa"]
[Result "1/2-1/2"]
[WhiteElo "2302"]
[BlackElo "2252"]
[PlyCount "147"]
[EventDate "2000.??.??"]

1. e4 g6 2. d4 Bg7 3. Nf3 c5 4. dxc5 Qa5+ 5. c3 Qxc5 6. Be3 Qc7 7. Bd3 d6 8.
O-O Nf6 9. Na3 Nc6 10. Qd2 Ng4 11. Nb5 Qd7 12. Rad1 Nxe3 13. fxe3 O-O 14. Nbd4
Qc7 15. Qf2 Bg4 16. Nb5 Qa5 17. b4 Qd8 18. Be2 a5 19. a3 Bd7 20. bxa5 Rxa5 21.
Ra1 Ne5 22. Nxe5 Bxe5 23. Nd4 Qc8 24. c4 Qa8 25. Rfb1 Rxa3 26. Rxa3 Qxa3 27.
Rxb7 Rd8 28. Rb1 Qa2 29. Rb6 h5 30. Nf3 Bf6 31. Qf1 Qa3 32. Qf2 Bg7 33. Nd4
Qc1+ 34. Bf1 Bh6 35. Rb3 Ba4 36. Rd3 Rb8 37. Nf3 Rb2 38. Qe1 Qxe1 39. Nxe1 f6
40. g3 Kf7 41. Bg2 Bb3 42. Rc3 Bxc4 43. h3 Bb5 44. Bf1 Ba4 45. Bc4+ e6 46. Kf1
Ke7 47. Nd3 Rd2 48. Ra3 d5 49. exd5 exd5 50. Ba6 Bd7 51. Nf2 Rb2 52. Be2 Rb1+
53. Kg2 Re1 54. Kf3 Rc1 55. Ra7 Kd6 56. Ra6+ Rc6 57. Bd3 Rxa6 58. Bxa6 g5 59.
h4 Bg7 60. Ke2 gxh4 61. gxh4 f5 62. Nd3 d4 63. exd4 Bxd4 64. Kf3 Bc6+ 65. Kf4
Bf6 66. Kxf5 Bxh4 67. Ne5 Be8 68. Bb7 Bg3 69. Bc6 Bxc6 70. Nxc6 h4 71. Nd4 Bf2
72. Nf3 h3 73. Kg4 h2 74. Nxh2 1/2-1/2

[Event "ICS Rated blitz match"]
[Site "204.178.125.65"]
[Date "2000.08.28"]
[Round "?"]
[White "Hossa"]
[Black "counterplay"]
[Result "0-1"]
[WhiteElo "2450"]
[BlackElo "2766"]
[PlyCount "124"]
[EventDate "2000.??.??"]

1. e4 c5 2. Nf3 Nc6 3. d4 cxd4 4. Nxd4 e6 5. Nc3 Qc7 6. Be2 a6 7. f4 b5 8. Nxc6
Qxc6 9. Bf3 Bb7 10. e5 Qc7 11. Be3 Bb4 12. Bxb7 Bxc3+ 13. bxc3 Qxb7 14. O-O Ne7
15. Bc5 Rc8 16. Bxe7 Kxe7 17. Rf2 Rxc3 18. Qd6+ Ke8 19. Rc1 Qa7 20. a4 Rc4 21.
axb5 axb5 22. Qd2 Rd4 23. Qe1 Rxf4 24. Rb1 f6 25. g3 Rxf2 26. Qxf2 Qxf2+ 27.
Kxf2 fxe5 28. Rxb5 Rf8+ 29. Ke1 Rf5 30. Rb8+ Ke7 31. Rh8 h6 32. Rg8 Rf7 33. h4
d5 34. g4 e4 35. g5 hxg5 36. hxg5 Kd6 37. g6 Rc7 38. Kd2 d4 39. Ra8 e5 40. Ra6+
Kd5 41. Ra5+ Ke6 42. Rb5 e3+ 43. Kd1 Rc6 44. Rb7 Kf6 45. Rb5 Kf5 46. Rb8 Rxg6
47. Rf8+ Rf6 48. Rg8 g5 49. Rg7 g4 50. Rg8 Rg6 51. Rf8+ Ke4 52. Rf1 d3 53.
cxd3+ Kxd3 54. Rf8 g3 55. Rd8+ Ke4 56. Ke2 g2 57. Rc8 g1=Q 58. Rc4+ Kd5 59. Rc2
Rg2+ 60. Kd3 Qb1 61. Kxe3 Qb3+ 62. Rc3 Qxc3# {Hossa checkmated} 0-1

[Event "ICS Rated blitz match"]
[Site "204.178.125.65"]
[Date "2000.08.28"]
[Round "?"]
[White "counterplay"]
[Black "Hossa"]
[Result "1-0"]
[WhiteElo "2770"]
[BlackElo "2446"]
[PlyCount "52"]
[EventDate "2000.??.??"]

1. d4 e6 2. c4 f5 3. Nc3 Nf6 4. e3 Be7 5. Bd3 Nc6 6. Nge2 Nb4 7. Nf4 g5 8. Nfe2
Nxd3+ 9. Qxd3 b6 10. O-O Bb7 11. d5 O-O 12. Bd2 Bc5 13. f4 gxf4 14. Nxf4 e5 15.
Nh3 e4 16. Qe2 a6 17. Rxf5 Qe7 18. Raf1 Kg7 19. Na4 Bb4 20. Bxb4 Qxb4 21. Nc3
b5 22. Qf2 Qe7 23. Qg3+ Kh8 24. Qxc7 b4 25. Nd1 Bxd5 26. cxd5 Rac8 {
Hossa resigns} 1-0

[Event "ICS rated blitz match"]
[Site "204.178.125.65"]
[Date "2000.08.28"]
[Round "?"]
[White "Hossa"]
[Black "Tinker"]
[Result "0-1"]
[WhiteElo "2442"]
[BlackElo "2545"]
[PlyCount "120"]
[EventDate "2000.??.??"]

1. d4 d5 2. Nf3 e6 3. Bg5 f6 4. Bd2 c5 5. e3 Nc6 6. Nc3 a6 7. dxc5 Bxc5 8. Bd3
e5 9. Nh4 Be6 10. Nf5 Bf8 11. Ng3 e4 12. Be2 f5 13. O-O Nf6 14. Nh5 Nxh5 15.
Bxh5+ g6 16. Be2 Rg8 17. a3 Bd6 18. Bc1 Bb8 19. Qd2 Qd6 20. g3 Ba7 21. Rd1
O-O-O 22. b4 Ne5 23. b5 Nf3+ 24. Bxf3 exf3 25. a4 Qc7 26. bxa6 bxa6 27. Bb2 d4
28. exd4 Bxd4 29. Rab1 Rd7 30. Nb5 Bxf2+ 31. Qxf2 axb5 32. axb5 Qb7 33. Re1 Bd5
34. Be5 Kd8 35. Bf6+ Kc8 36. Rb4 Be4 37. c4 Rf7 38. Bg5 Re8 39. Ra1 Rg8 40. Qd4
h6 41. Bxh6 Rd8 42. Qe5 Qc7 43. Qe6+ Qd7 44. Qa6+ Bb7 45. Qa7 f2+ 46. Kxf2 Qd3
47. Kg1 Qf3 48. Rb2 Qh1+ 49. Kf2 Qxh2+ 50. Ke1 Qxb2 51. Be3 Rh8 52. Qa8+ Bxa8
53. Rxa8+ Kb7 54. Rxh8 Qxh8 55. Ke2 Re7 56. Kd3 Qb2 57. Bd4 Rd7 58. Ke3 Rxd4
59. Kf3 Qd2 60. c5 Rd3# 0-1

[Event "ICS rated blitz match"]
[Site "204.178.125.65"]
[Date "2000.08.28"]
[Round "?"]
[White "Tinker"]
[Black "Hossa"]
[Result "0-1"]
[WhiteElo "2556"]
[BlackElo "2431"]
[PlyCount "146"]
[EventDate "2000.??.??"]

1. e4 e5 2. Nf3 Nc6 3. d4 exd4 4. Nxd4 Nf6 5. Nxc6 bxc6 6. e5 Qe7 7. Qe2 Nd5 8.
Nd2 Qe6 9. c4 Nf4 10. Qe3 Ng6 11. f4 d5 12. Bd3 Bb4 13. O-O O-O 14. Qd4 Rd8 15.
Nb3 Qe7 16. a3 dxc4 17. Qxc4 Be6 18. Qxc6 Bd5 19. Qc2 Bxb3 20. Qxb3 Bc5+ 21.
Kh1 Qd7 22. Bc4 Kf8 23. e6 Qd4 24. exf7 Qe4 25. Qb5 Qd4 26. Be6 Nh8 27. Qc6
Nxf7 28. Qxc7 Nd6 29. f5 Bb6 30. Qc3 Qxc3 31. bxc3 Ne4 32. g4 Nf2+ 33. Kg2 Nxg4
34. Kg3 Nf6 35. c4 Rd3+ 36. Kg2 Rad8 37. a4 Bc5 38. Rb1 Rc3 39. Bf4 Rc2+ 40.
Kh1 Ne4 41. Rb7 Nf2+ 42. Kg2 Nd3+ 43. Kf3 Nxf4 44. Rf7+ Kg8 45. Kxf4 Rd4+ 46.
Kf3 Rd3+ 47. Kg4 Rd4+ 48. Kh3 Rd3+ 49. Kh4 Rxh2+ 50. Kg4 h5+ 51. Kf4 Kh7 52. f6
Kg6 53. Rxg7+ Kxf6 54. Ke4+ Kxg7 55. Kxd3 Kg6 56. Bf7+ Kg5 57. Ke4 Re2+ 58. Kd5
Bf2 59. Rh1 h4 60. Be6 Kf6 61. Bd7 Rd2+ 62. Kc6 Ke7 63. Bh3 Rd6+ 64. Kb5 Rb6+
65. Ka5 Bc5 66. Re1+ Kf7 67. Rf1+ Kg7 68. Rb1 Rxb1 69. Ka6 Rb6+ 70. Kxa7 Rb3+
71. Ka6 Rxh3 72. Kb7 Ra3 73. Kc6 Rxa4 {Tinker resigns} 0-1

[Event "ICS rated blitz match"]
[Site "204.178.125.65"]
[Date "2000.08.28"]
[Round "?"]
[White "Hossa"]
[Black "Tinker"]
[Result "1-0"]
[WhiteElo "2453"]
[BlackElo "2534"]
[PlyCount "87"]
[EventDate "2000.??.??"]

1. e4 d5 2. exd5 Qxd5 3. Nc3 Qe6+ 4. Be2 Nf6 5. d4 Ne4 6. Nb5 Na6 7. Nf3 c6 8.
Nc3 Nb4 9. a3 Nxc3 10. bxc3 Nd5 11. Bd2 Qd6 12. Ne5 g6 13. c4 Nb6 14. Nf3 Qe6
15. Ng5 Qf6 16. Be3 Bf5 17. g4 Bh6 18. h4 Na4 19. gxf5 Nc3 20. Qd3 Nxe2 21.
Kxe2 gxf5 22. Bf4 Bxg5 23. Be5 Qe6 24. hxg5 f6 25. Rh6 O-O-O 26. gxf6 exf6 27.
Rxf6 Qd7 28. Qxf5 Qxf5 29. Rxf5 Rhe8 30. Kd3 Rd7 31. Rh1 a5 32. Rh6 a4 33. Kc3
c5 34. dxc5 Rde7 35. f4 Kd7 36. Bd6 Rg7 37. Rfh5 Kc8 38. Rxh7 Reg8 39. Kb4 Rxh7
40. Rxh7 Rd8 41. Kb5 Rd7 42. Rxd7 Kxd7 43. Kb6 Ke6 44. Kxb7 {Tinker resigns}
1-0

[Event "ICS rated blitz match"]
[Site "204.178.125.65"]
[Date "2000.08.28"]
[Round "?"]
[White "Tinker"]
[Black "Hossa"]
[Result "0-1"]
[WhiteElo "2514"]
[BlackElo "2473"]
[PlyCount "94"]
[EventDate "2000.??.??"]

1. e4 c5 2. Nf3 e6 3. Nc3 a6 4. d4 cxd4 5. Qxd4 Nc6 6. Qa4 Bc5 7. Be2 Nge7 8.
O-O Ng6 9. Qc4 d6 10. Bg5 f6 11. Bd2 b5 12. Nxb5 axb5 13. Qb3 b4 14. Bb5 Qb6
15. Bxc6+ Qxc6 16. Rfe1 Ra4 17. Be3 Bd7 18. c3 bxc3 19. bxc3 Rxe4 20. Bxc5
Rxe1+ 21. Rxe1 dxc5 22. Qb8+ Kf7 23. Qg3 Ra8 24. Ra1 e5 25. Ne1 Qd5 26. a3 Nf4
27. Kh1 Qb3 28. Qe3 Rxa3 29. Rxa3 Qxa3 30. Kg1 Qxc3 31. Qxc3 Ne2+ 32. Kh1 Nxc3
33. Nc2 Ne2 34. h4 c4 35. Ne3 c3 36. Kh2 Bf5 37. h5 c2 38. Nxc2 Bxc2 39. f3 e4
40. fxe4 Bxe4 41. Kh3 Nf4+ 42. Kh2 Bxg2 43. Kg3 g5 44. hxg6+ hxg6 45. Kh2 Ke6
46. Kg1 Kd5 47. Kf2 Ke4 {Tinker resigns} 0-1

[Event "ICS rated bullet match"]
[Site "204.178.125.65"]
[Date "2000.08.28"]
[Round "?"]
[White "Hossa"]
[Black "JSBach"]
[Result "1-0"]
[WhiteElo "2491"]
[BlackElo "2057"]
[PlyCount "27"]
[EventDate "2000.??.??"]

1. e4 e5 2. Nf3 Qf6 3. Nc3 Bc5 4. Nd5 Qd6 5. d4 exd4 6. Bf4 Qc6 7. Nxd4 Bxd4 8.
Qxd4 b6 9. Qxg7 Qxc2 10. Nxc7+ Ke7 11. Qg5+ Nf6 12. Qe5+ Kf8 13. Bh6+ Kg8 14.
Qg5# {JSBach checkmated} 1-0

[Event "ICS rated bullet match"]
[Site "204.178.125.65"]
[Date "2000.08.28"]
[Round "?"]
[White "JSBach"]
[Black "Hossa"]
[Result "0-1"]
[WhiteElo "2055"]
[BlackElo "2493"]
[PlyCount "138"]
[EventDate "2000.??.??"]

1. d4 d5 2. Nc3 e6 3. Nf3 Nf6 4. Bd2 c5 5. Nb5 Nc6 6. e3 Ne4 7. b3 cxd4 8.
Nfxd4 Nxd2 9. Qxd2 Be7 10. Bd3 O-O 11. Nxc6 bxc6 12. Nd4 Bd7 13. Qc3 c5 14. Nf3
Bf6 15. Ne5 Qc7 16. f4 Bh4+ 17. g3 Bf6 18. O-O Rfe8 19. Rad1 a6 20. Rde1 Rf8
21. Rf2 Bb5 22. a4 Bd7 23. Ra1 Ra7 24. Kf1 Qb6 25. Rd1 c4 26. a5 Qc5 27. Bxc4
dxc4 28. bxc4 Rd8 29. Qd4 Qc7 30. Rb1 Ba4 31. Qc3 Qc5 32. Qb4 Rd1+ 33. Kg2 Qxb4
34. Rxb4 Bxe5 35. Rxa4 Bc3 36. Kf3 Rc7 37. h4 Rc5 38. Ra3 Rxc4 39. e4 Bd4 40.
Rb3 Rc3+ 41. Ke2 Rxb3 42. cxb3 Bxf2 43. Kxd1 Bxg3 44. h5 Bxf4 45. Ke2 Bd6 46.
Ke3 g6 47. hxg6 fxg6 48. Kd4 h5 49. e5 Bb4 50. Ke3 g5 51. Kd4 g4 52. Ke3 Bxa5
53. Kf4 Be1 54. Ke4 h4 55. Kf4 g3 56. Kg4 g2 57. b4 g1=R+ 58. Kh3 Rg7 59. Kh2
Bxb4 60. Kh3 Rg3+ 61. Kxh4 Be1 62. Kh5 Kh7 63. Kh4 Kh8 64. Kh5 Rg1 65. Kh6 Bh4
66. Kh5 Be7 67. Kh6 Kg8 68. Kh5 Kf7 69. Kh6 Rh1# {JSBach checkmated} 0-1

[Event "ICS rated standard match"]
[Site "204.178.125.65"]
[Date "2000.08.28"]
[Round "?"]
[White "stevesand"]
[Black "Hossa"]
[Result "0-1"]
[WhiteElo "2065"]
[BlackElo "2254"]
[PlyCount "54"]
[EventDate "2000.??.??"]

1. c4 e5 2. Nc3 c6 3. Nf3 d6 4. g3 Bg4 5. Bg2 f5 6. O-O Nd7 7. d3 Be7 8. Rb1
Bf6 9. Bd2 Ne7 10. b4 Ng6 11. b5 O-O 12. Ne1 Qc7 13. Nc2 Bh5 14. bxc6 bxc6 15.
Nb4 Ne7 16. Re1 Qc8 17. Qa4 Nc5 18. Qa5 Qd7 19. Na4 Ne6 20. Na6 Ng6 21. Nc3 f4
22. Rb3 Nd4 23. Rbb1 f3 24. exf3 Nxf3+ 25. Bxf3 Bxf3 26. Re3 Bd8 27. Qa4 Nh4 {
stevesand resigns} 0-1

[Event "ICS rated standard match"]
[Site "204.178.125.65"]
[Date "2000.08.28"]
[Round "?"]
[White "Hossa"]
[Black "stevesand"]
[Result "1/2-1/2"]
[WhiteElo "2262"]
[BlackElo "2057"]
[PlyCount "67"]
[EventDate "2000.??.??"]

1. e4 c6 2. Nc3 d5 3. d4 dxe4 4. Nxe4 Nd7 5. Ng5 Ngf6 6. Bc4 e6 7. N1f3 Bd6 8.
O-O h6 9. Nh3 Qc7 10. Bb3 b6 11. Kh1 Bb7 12. Re1 O-O 13. Be3 Rad8 14. Rc1 c5
15. Qe2 Ng4 16. c3 Rfe8 17. Nd2 Ngf6 18. Nf1 e5 19. Ng3 Qb8 20. dxe5 Nxe5 21.
Nf5 Qa8 22. Nf4 Bf8 23. Kg1 g5 24. Nh5 Nxh5 25. Qxh5 Bxg2 26. Bxf7+ Nxf7 27.
Qg6+ Kh8 28. Qxf7 Bh3 29. Qf6+ Kg8 30. Qg6+ Kh8 31. Qf6+ Kg8 32. Qg6+ Kh8 33.
Qf6+ Kg8 34. Qg6+ 1/2-1/2

[Event "ICS rated standard match"]
[Site "204.178.125.65"]
[Date "2000.08.28"]
[Round "?"]
[White "stevesand"]
[Black "Hossa"]
[Result "0-1"]
[WhiteElo "2065"]
[BlackElo "2254"]
[PlyCount "124"]
[EventDate "2000.??.??"]

1. c4 e5 2. Nc3 c6 3. Nf3 d6 4. g3 Bg4 5. Bg2 f5 6. O-O Nd7 7. d3 Be7 8. Rb1
Bf6 9. Bd2 Ne7 10. b4 Ng6 11. b5 f4 12. Ne4 Be7 13. bxc6 bxc6 14. Qa4 Qc8 15.
Bb4 c5 16. Ba5 O-O 17. Nc3 Nb6 18. Qc2 Rb8 19. Rb2 Bh3 20. Rfb1 Bxg2 21. Kxg2
fxg3 22. fxg3 Bd8 23. Bxb6 Bxb6 24. Nd5 Qd8 25. a4 Ne7 26. Nxe7+ Qxe7 27. a5
Bc7 28. Rxb8 Bxb8 29. a6 Qd7 30. Rb7 Qe8 31. Qb2 Qc8 32. h3 Qd8 33. Qb5 h6 34.
Qd7 Qxd7 35. Rxd7 Rf7 36. Rxf7 Kxf7 37. Nd2 Bc7 38. Kf3 Ba5 39. Ne4 Ke7 40. Kg4
g6 41. h4 Ke6 42. h5 g5 43. Kf3 Be1 44. g4 Ke7 45. Kg2 Ke6 46. Kf1 Bb4 47. Ng3
e4 48. Nxe4 Ke5 49. Ng3 Kf4 50. Nf5 Kxg4 51. Nxd6 Kh3 52. Nc8 g4 53. Nxa7 g3
54. Nc6 g2+ 55. Kg1 Bd2 56. Kf2 Be1+ 57. Kxe1 g1=Q+ 58. Kd2 Qg5+ 59. Kc2 Qg2
60. Nb8 Qxe2+ 61. Kb3 Qxd3+ 62. Ka4 Qxc4+ {stevesand resigns} 0-1

[Event "ICS rated standard match"]
[Site "204.178.125.65"]
[Date "2000.08.28"]
[Round "?"]
[White "Hossa"]
[Black "PostModernist"]
[Result "0-1"]
[WhiteElo "2262"]
[BlackElo "2420"]
[PlyCount "292"]
[EventDate "2000.??.??"]

1. d4 Nf6 2. c4 c5 3. d5 g6 4. Nc3 Bg7 5. e4 d6 6. Bd3 e5 7. h3 Na6 8. Nf3 O-O
9. Bg5 b6 10. a3 Qe7 11. Qd2 Rd8 12. O-O Nc7 13. Bh6 Qf8 14. Bxg7 Qxg7 15. Rfd1
Bb7 16. b3 a5 17. Na4 Nd7 18. Qg5 f6 19. Qg4 Re8 20. Nd2 Red8 21. Nc3 Rab8 22.
Nf1 Qh6 23. Ne3 Qf4 24. Qxf4 exf4 25. Nf1 Ne5 26. Be2 Bc8 27. Nd2 Bd7 28. a4
Na6 29. Na2 h5 30. Re1 Re8 31. h4 Bg4 32. f3 Bd7 33. Red1 g5 34. hxg5 fxg5 35.
Rf1 Nb4 36. Nxb4 axb4 37. Kf2 Kg7 38. Rh1 Rh8 39. Ke1 Be8 40. Kd1 Kf6 41. Kc2
Ra8 42. Ra2 Bg6 43. Kc1 Rhe8 44. Ra1 Ra5 45. Kd1 Ra7 46. Kc2 Rc7 47. Raf1 Rcc8
48. Kc1 Ra8 49. Re1 Bf7 50. Kb2 Ra7 51. Ra1 Ra6 52. Rh2 Ra5 53. Rah1 Bg6 54.
Rh3 Rd8 55. Kc1 Ke7 56. R3h2 Re8 57. Re1 Kf6 58. Rg1 Rd8 59. Rh3 Nf7 60. Bd3
Re8 61. Rgh1 Ne5 62. Bc2 Ke7 63. Re1 Bf7 64. Rhh1 Raa8 65. Re2 Kf6 66. Ree1 Ra6
67. Re2 Ra5 68. Bb1 Ke7 69. Rf2 Kd7 70. Nf1 Raa8 71. Kd1 Rh8 72. Ke1 Ke7 73.
Kd1 Rhe8 74. Bc2 Rg8 75. Rg1 Ra7 76. Bb1 Re8 77. Rh1 Bg6 78. Ke1 Kf6 79. Kd1
Ra6 80. Ke1 Kg7 81. Kd1 Rd8 82. Ke1 Kf6 83. Bc2 Rf8 84. Bb1 Raa8 85. Kd1 Ke7
86. Kc1 g4 87. Nd2 Rf7 88. Rff1 Re8 89. Bc2 Kd7 90. Bd1 Kc7 91. fxg4 hxg4 92.
Be2 Ref8 93. Rh6 Rh7 94. Rxh7+ Bxh7 95. Rh1 Bg6 96. Rf1 Bh5 97. Rg1 f3 98. gxf3
gxf3 99. Rg7+ Kc8 100. Bd1 Be8 101. Nf1 Bg6 102. Ng3 Rf4 103. Rg8+ Kb7 104. Rd8
Rg4 105. Nf5 f2 106. Nxd6+ Kc7 107. Rf8 Kxd6 108. Bxg4 Nxg4 109. Kd2 Bxe4 110.
Rf7 Bg2 111. Ke2 f1=Q+ 112. Rxf1 Bxf1+ 113. Kxf1 Ne3+ 114. Ke2 Nc2 115. Kd1 Nd4
116. Kc1 Nxb3+ 117. Kc2 Na5 118. Kd3 Ke5 119. d6 Kxd6 120. Kd2 Nxc4+ 121. Kc2
b5 122. axb5 Na3+ 123. Kd2 Nxb5 124. Ke3 b3 125. Ke4 b2 126. Kf4 b1=Q 127. Kg5
Qf5+ 128. Kxf5 c4 129. Ke4 c3 130. Kd3 Ke5 131. Kc2 Ke4 132. Kb3 Kd3 133. Kb4
c2 134. Kxb5 c1=Q 135. Kb6 Qd2 136. Kc5 Kc3 137. Kc6 Qd3 138. Kc7 Kc4 139. Kc8
Qf5+ 140. Kd8 Qh7 141. Ke8 Qg7 142. Kd8 Kc5 143. Ke8 Qh7 144. Kf8 Kd6 145. Ke8
Qf5 146. Kd8 Qd7# {Hossa checkmated} 0-1

[Event "ICS Rated blitz match"]
[Site "204.178.125.65"]
[Date "2000.08.28"]
[Round "?"]
[White "QueenMaxima"]
[Black "Hossa"]
[Result "1-0"]
[WhiteElo "2627"]
[BlackElo "2489"]
[PlyCount "137"]
[EventDate "2000.??.??"]

1. d4 e6 2. c3 Nf6 3. Bg5 h6 4. Bxf6 Qxf6 5. Nd2 Nc6 6. e3 d5 7. Ngf3 Bd7 8.
Bd3 O-O-O 9. O-O g5 10. Nb3 h5 11. Nc5 Bxc5 12. dxc5 e5 13. Bb5 g4 14. Ne1 Bf5
15. f4 gxf3 16. Nxf3 Ne7 17. Qa4 c6 18. Qh4 Qe6 19. Be2 Rhg8 20. Ne1 Rde8 21.
Qxh5 Rh8 22. Qf3 Qh6 23. Qg3 Bd7 24. Qxe5 Ng6 25. Qg3 Rxe3 26. Bf3 Nf4 27. Rf2
f5 28. h3 Re7 29. Kh1 Rg7 30. Qh2 Qg5 31. Rf1 Rgh7 32. Rg1 b6 33. cxb6 axb6 34.
Rb1 Rh6 35. Bd1 Ng6 36. Nf3 Qe3 37. Re1 Qf2 38. Be2 Kb7 39. Rbd1 Bc8 40. Rd2
Qc5 41. Bd3 Qf8 42. Rde2 Bd7 43. Nd4 c5 44. Ne6 Bxe6 45. Rxe6 Rg8 46. Bb5 f4
47. Bc6+ Ka7 48. Re8 Qf6 49. Rxg8 Qxc6 50. Ree8 Rh7 51. Rc8 Qb7 52. Rcd8 Qc7
53. Qg1 Ne7 54. Qd1 Qc6 55. Qb3 Kb7 56. Qa3 Rxh3+ 57. gxh3 d4+ 58. Kh2 Qe6 59.
Rb8+ Kc6 60. Qa8+ Kb5 61. b3 Qe2+ 62. Rg2 Qxg2+ 63. Kxg2 f3+ 64. Kxf3 c4 65.
Qa7 Kc5 66. Qc7+ Nc6 67. Rxb6 dxc3 68. Qxc6+ Kd4 69. Qd6# {Hossa checkmated}
1-0

[Event "ICS rated blitz match"]
[Site "204.178.125.65"]
[Date "2000.08.28"]
[Round "?"]
[White "Hossa"]
[Black "PostModernist"]
[Result "1-0"]
[WhiteElo "2479"]
[BlackElo "2703"]
[PlyCount "71"]
[EventDate "2000.??.??"]

1. e4 c5 2. Nf3 g6 3. d4 cxd4 4. Nxd4 Nc6 5. Nc3 Bg7 6. Be3 Nf6 7. Bc4 Qa5 8.
O-O O-O 9. Nd5 Nxd5 10. exd5 Ne5 11. Bb3 d6 12. Bg5 Re8 13. Re1 Qc5 14. c3 Bd7
15. Qe2 b5 16. Qe4 Ng4 17. Qf3 Be5 18. h3 Bf6 19. Bxf6 Nxf6 20. Re2 a5 21. Rae1
Kf8 22. a3 Rac8 23. Qf4 a4 24. Qh6+ Kg8 25. Ba2 Kh8 26. Qf4 Ng8 27. Nf3 Rf8 28.
Rxe7 Nxe7 29. Qf6+ Kg8 30. Rxe7 Bxh3 31. Ng5 Qd4 32. cxd4 Rc1+ 33. Kh2 Rg1 34.
Rxf7 Rxg2+ 35. Kxh3 Rh2+ 36. Kxh2 1-0

[Event "ICS rated blitz match"]
[Site "204.178.125.65"]
[Date "2000.08.28"]
[Round "?"]
[White "PostModernist"]
[Black "Hossa"]
[Result "1-0"]
[WhiteElo "2678"]
[BlackElo "2504"]
[PlyCount "109"]
[EventDate "2000.??.??"]

1. e4 e5 2. Bc4 Nf6 3. d3 d5 4. exd5 Nxd5 5. Nf3 Nc6 6. O-O Bg4 7. h3 Bh5 8.
Re1 Qd6 9. Bb5 f6 10. Bxc6+ bxc6 11. d4 O-O-O 12. dxe5 fxe5 13. Bg5 Be7 14.
Bxe7 Qxe7 15. Qd3 Bxf3 16. Qxf3 Qb4 17. Qf5+ Kb7 18. Na3 g6 19. Qxe5 Rde8 20.
Qxe8 Rxe8 21. Rxe8 Ka6 22. Rb1 Nc3 23. bxc3 Qxa3 24. Re6 Qxa2 25. Rxc6+ Ka5 26.
Rb7 Qxc2 27. Rc4 c6 28. Rxa7+ Kb5 29. Rb4+ Kc5 30. Ra5+ Kd6 31. Rc4 h6 32. Ra6
Qb1+ 33. Kh2 Qb5 34. Rcxc6+ Qxc6 35. Rxc6+ Kxc6 36. f4 h5 37. Kg3 Kd5 38. Kh4
Ke6 39. Kg5 Kf7 40. g4 h4 41. f5 Kg7 42. fxg6 Kf8 43. Kf6 Ke8 44. g7 Kd7 45.
g8=Q Kc6 46. Ke7 Kc7 47. Qc4+ Kb7 48. Qb5+ Ka8 49. Qa5+ Kb8 50. Kd6 Kb7 51. Qa4
Kb6 52. Qb3+ Ka5 53. Qb8 Ka6 54. c4 Ka5 55. Qb5# {Hossa checkmated} 1-0